<?xml version="1.0" encoding="UTF-8"?>
<collection xmlns="http://www.loc.gov/MARC21/slim">
 <record>
  <leader>     na                 </leader>
  <controlfield tag="001">INLIS000000000007140</controlfield>
  <controlfield tag="005">20211228113355</controlfield>
  <datafield tag="035" ind1=" " ind2=" ">
   <subfield code="a">0010-0721002399</subfield>
  </datafield>
  <controlfield tag="008">211228                           0 ind  </controlfield>
  <datafield tag="245" ind1="1" ind2=" ">
   <subfield code="a">Manajemen Personalia</subfield>
  </datafield>
  <datafield tag="100" ind1="1" ind2=" ">
   <subfield code="a">Ranupandojo, Heidjrachman</subfield>
  </datafield>
  <datafield tag="250" ind1=" " ind2=" ">
   <subfield code="a">III</subfield>
  </datafield>
  <datafield tag="260" ind1=" " ind2=" ">
   <subfield code="a">Yogyakarta :</subfield>
   <subfield code="b">BPFE,</subfield>
   <subfield code="c">1985</subfield>
  </datafield>
  <datafield tag="300" ind1=" " ind2=" ">
   <subfield code="a">304 hlm. ;</subfield>
   <subfield code="c">23 cm.</subfield>
  </datafield>
  <datafield tag="084" ind1=" " ind2=" ">
   <subfield code="a">658.03 RAN m</subfield>
  </datafield>
  <datafield tag="520" ind1=" " ind2=" ">
   <subfield code="a">Manajemen Personalia&#13;
Dewasa ini agak sukar mencari sebuah buku dalam bahasa Indonesia mengenai manajemen personalia yang cukup memadai untuk dipergunakan sebagai dasar pengajaran di tingkat perguruan tinggi di Indonesia. Buku ini dimaksudkan terutama sebagai penolong bagi para mahasiswa maupun pegangan bagi para pengajar di Fakultas Ekonomi atau di tempat lain yang mempunyai relevansi dengan pengisaran manajemen personalia. Ia juga bermanfaat bagi siapa saja yang ingin mengetahui seluk beluk perusahaan dari aspek (gatra) personalianya. Edisi revisi ini merupakan penggabungan buku-buku Manajemen Personalia bagian I dan II dari penulis-penulis yang sama, disertai dengan berbagai tambahan dan perubahan yang dirasahan perlu. Bab-bab tambahan diberikan untuk masalah-masalah pendekatan-pendekatan persoalan personalia (Bab II), kesempatan untuk maju (Bab VII) dan penilaian prestasi kerja (Bab VIII) Perubahan terutama dilakukan pada topik pengembangan karyawan, baik untuk karyawan operasional maupun manajerial. Satu bab tambahan khusus diberikan untuk membehas masalah personnel audit Bab XVII). Dengan demikian buku ini mencoba meliput secara lengkap fungsi-fungsi. manajemen personalia. Pembahasan dimulai dari bagian satu yang mempakan pendahuluan, diikuti dengan bagian-bagian dua sampai dengan enam yang membahas fungsi-fungsi operasional manajemen personalia yaitu pengadaan tenaga kerja, pengembangan tenaga herja, kompensasi, integrasi dan mempertahankan tenaga kerja.</subfield>
  </datafield>
  <datafield tag="082" ind1=" " ind2=" ">
   <subfield code="a">658.03</subfield>
  </datafield>
  <datafield tag="650" ind1=" " ind2="4">
   <subfield code="a">Manajemen Personalia</subfield>
  </datafield>
  <datafield tag="863" ind1=" " ind2=" ">
   <subfield code="a">2</subfield>
  </datafield>
  <datafield tag="990" ind1=" " ind2=" ">
   <subfield code="a">004308</subfield>
  </datafield>
  <datafield tag="990" ind1=" " ind2=" ">
   <subfield code="a">004309</subfield>
  </datafield>
  <datafield tag="990" ind1=" " ind2=" ">
   <subfield code="a">004310</subfield>
  </datafield>
  <datafield tag="990" ind1=" " ind2=" ">
   <subfield code="a">004311</subfield>
  </datafield>
  <datafield tag="990" ind1=" " ind2=" ">
   <subfield code="a">004308</subfield>
  </datafield>
  <datafield tag="990" ind1=" " ind2=" ">
   <subfield code="a">004309</subfield>
  </datafield>
  <datafield tag="990" ind1=" " ind2=" ">
   <subfield code="a">004310</subfield>
  </datafield>
  <datafield tag="990" ind1=" " ind2=" ">
   <subfield code="a">004310</subfield>
  </datafield>
  <datafield tag="990" ind1=" " ind2=" ">
   <subfield code="a">004308</subfield>
  </datafield>
  <datafield tag="990" ind1=" " ind2=" ">
   <subfield code="a">004311</subfield>
  </datafield>
  <datafield tag="990" ind1=" " ind2=" ">
   <subfield code="a">004309</subfield>
  </datafield>
  <datafield tag="990" ind1=" " ind2=" ">
   <subfield code="a">068384</subfield>
  </datafield>
  <datafield tag="990" ind1=" " ind2=" ">
   <subfield code="a">004309</subfield>
  </datafield>
 </record>
</collection>
